000 00687nam a22001937a 4500
005 20151127105113.0
010 _aENG-114155
020 _c350.00
_a9789350353226
035 _aEN-97687
037 _bDBAD/PUB
082 _a349.54
100 _aKrishna Iyer, V.R.
245 _a98 not out ! :
_cby V.R. Krishna Iyer
_bcelebrating 98th year of living legend and his continuing legal learning and dissemination /
246 _aNinety eight not out
260 _aNew Delhi
_bUniversal Law Publishing
_c2013
270 _aC-FF-1A, Dilkhush Industrial Estate, G.T. Karnal Road,
_bNew Delhi
_e110033
300 _avi,165p.
_c25cm(Hb)
942 _2ddc
_cEN
_mKRI
_h349.54
999 _c97443
_d97443